[Event "Oberliga Ost A"]
[Site "?"]
[Date "2022.04.30"]
[Round "2.4"]
[White "Solberg, Joachim"]
[Black "Dietze, Frank"]
[Result "0-1"]
[WhiteElo "2189"]
[BlackElo "2057"]
[PlyCount "84"]
[EventDate "2021.10.10"]
[EventType "team-tourn"]
[EventCountry "GER"]
[WhiteTeam "Aue ESV Nickelhuette"]
[BlackTeam "Leipzig SG II"]
[WhiteTeamCountry "GER"]
[BlackTeamCountry "GER"]

1. e4 c5 2. c3 d5 3. exd5 Qxd5 4. d4 Nf6 5. Nf3 Nc6 6. Be2 e6 7. O-O cxd4 8.
cxd4 Be7 9. Nc3 Qd8 10. a3 O-O 11. h3 b6 12. Be3 Bb7 13. Rc1 Nd5 14. Nxd5 Qxd5
15. Qa4 Bf6 16. Rfd1 Ne7 17. Ne1 Qd6 18. Bf3 Bxf3 19. Nxf3 Rfd8 20. Ng5 Qd5 21.
Nf3 Nf5 22. Qc2 h6 23. Qa4 Nh4 24. Nxh4 Bxh4 25. Rc7 b5 26. Qa5 a6 27. Rdc1 Bf6
28. Rd1 e5 29. Rc5 Qb3 30. Rd2 exd4 31. Bf4 Qe6 32. Rd1 Rd5 33. Rcc1 Qe4 34.
Qc7 d3 35. Re1 Qa4 36. Qc6 Rad8 37. Re8+ Kh7 38. Rxd8 Rxd8 39. Bd2 Bxb2 40. Re1
Qc2 41. Qe4+ Kg8 42. Qf4 Bxa3 0-1

[Event "Oberliga Ost A"]
[Site "?"]
[Date "2022.04.30"]
[Round "2.6"]
[White "Heinz, Juergen"]
[Black "Limpert, Michael"]
[Result "1/2-1/2"]
[WhiteElo "2169"]
[BlackElo "2119"]
[PlyCount "69"]
[EventDate "2021.10.10"]
[EventType "team-tourn"]
[EventCountry "GER"]
[WhiteTeam "Aue ESV Nickelhuette"]
[BlackTeam "Leipzig SG II"]
[WhiteTeamCountry "GER"]
[BlackTeamCountry "GER"]

1. Nf3 d5 2. c4 c6 3. e3 Nf6 4. d4 e6 5. Nc3 Nbd7 6. Qc2 Bd6 7. Be2 O-O 8. O-O
dxc4 9. Bxc4 e5 10. Rd1 Qc7 11. h3 h6 12. b3 Re8 13. Bb2 exd4 14. Nxd4 Bf8 15.
Rac1 a6 16. Nf3 b5 17. Bf1 c5 18. a4 b4 19. Nb1 Bb7 20. Nbd2 Ne4 21. Bd3 Nxd2
22. Nxd2 Ne5 23. Bh7+ Kh8 24. Be4 Bxe4 25. Nxe4 Rad8 26. Ng3 Kg8 27. Qe2 a5 28.
Nf5 Rxd1+ 29. Rxd1 c4 30. bxc4 Qxc4 31. Qd2 Qe6 32. Nd4 Qd5 33. Qe2 Qc4 34. Qd2
Qd5 35. Qe2 1/2-1/2

[Event "Oberliga Ost A"]
[Site "?"]
[Date "2022.04.30"]
[Round "2.7"]
[White "Gempe, Thomas"]
[Black "Schramm, Torsten"]
[Result "1/2-1/2"]
[WhiteElo "2162"]
[BlackElo "2225"]
[PlyCount "52"]
[EventDate "2021.10.10"]
[EventType "team-tourn"]
[EventCountry "GER"]
[WhiteTeam "Leipzig SG II"]
[BlackTeam "Aue ESV Nickelhuette"]
[WhiteTeamCountry "GER"]
[BlackTeamCountry "GER"]

1. d4 d6 2. e4 e5 3. Nf3 Nd7 4. Bc4 c6 5. a4 Be7 6. O-O a5 7. c3 Ngf6 8. Re1
O-O 9. Nbd2 Qc7 10. Nf1 Nb6 11. Bb3 c5 12. h3 c4 13. Bc2 Re8 14. Ng3 g6 15. Be3
Bf8 16. Nd2 Nfd7 17. f4 Bg7 18. fxe5 dxe5 19. d5 Bf8 20. Kh1 Bc5 21. Bh6 Bf8
22. Bxf8 Rxf8 23. Nf3 f6 24. Qd2 Nc5 25. Red1 Qd6 26. Qh6 Bd7 1/2-1/2

[Event "Oberliga Ost A"]
[Site "?"]
[Date "2022.04.30"]
[Round "2.8"]
[White "Poessel, Christian"]
[Black "Gempe, Anet"]
[Result "0-1"]
[WhiteElo "2007"]
[BlackElo "1979"]
[PlyCount "44"]
[EventDate "2021.10.10"]
[EventType "team-tourn"]
[EventCountry "GER"]
[WhiteTeam "Aue ESV Nickelhuette"]
[BlackTeam "Leipzig SG II"]
[WhiteTeamCountry "GER"]
[BlackTeamCountry "GER"]

1. d4 e6 2. c4 d5 3. Nf3 Nf6 4. Nc3 Be7 5. Bf4 O-O 6. e3 b6 7. cxd5 exd5 8. Bd3
Bb7 9. h3 a6 10. Rc1 Nbd7 11. Ne2 c5 12. Ng3 g6 13. h4 Ne4 14. h5 g5 15. Be5 f6
16. Bxe4 dxe4 17. Qb3+ Rf7 18. Nf5 Bf8 19. Bd6 exf3 20. dxc5 fxg2 21. Rg1 Nxc5
22. Qc4 Ne4 0-1

[Event "Oberliga Ost A"]
[Site "?"]
[Date "2022.04.30"]
[Round "2.1"]
[White "Belous, Mikhail"]
[Black "Hoepfl, Thomas"]
[Result "1/2-1/2"]
[WhiteElo "2362"]
[BlackElo "2254"]
[PlyCount "130"]
[EventDate "2021.10.10"]
[EventType "team-tourn"]
[EventCountry "GER"]
[WhiteTeam "Dessau SK"]
[BlackTeam "Halle USV"]
[WhiteTeamCountry "GER"]
[BlackTeamCountry "GER"]

1. d4 Nf6 2. c4 g6 3. Nc3 Bg7 4. e4 d6 5. f3 O-O 6. Be3 c5 7. Nge2 Nc6 8. d5
Ne5 9. Ng3 e6 10. Be2 exd5 11. cxd5 a6 12. a4 Bd7 13. h3 b5 14. f4 b4 15. Nb1
Nxd5 16. exd5 Qh4 17. Bf2 Qxf4 18. Qd2 Rfe8 19. O-O Qxd2 20. Nxd2 f5 21. b3 Bc8
22. Rad1 Bb7 23. Nc4 f4 24. Nh1 Nxc4 25. Bxc4 Bc3 26. g3 f3 27. g4 Re2 28. Rd3
Rae8 29. Rxf3 Rd2 30. Re3 Rxe3 31. Bxe3 Bd4 32. Bxd4 Rxd4 33. Nf2 Bxd5 34.
Bxd5+ Rxd5 35. Rd1 Rxd1+ 36. Nxd1 Kf7 37. Kf2 d5 38. Ke3 Ke6 39. Nb2 g5 40. Nd3
Kd6 41. Ne1 a5 42. Nf3 h6 43. Kd3 Ke6 44. Nd2 Ke5 45. Ke3 Ke6 46. Nf1 Ke5 47.
Kd3 Kf4 48. Ne3 Ke5 49. Ng2 Kf6 50. Ke3 Ke5 51. Ne1 Ke6 52. Nf3 Kf6 53. Kd3 Ke6
54. h4 gxh4 55. Nxh4 Ke5 56. Ng6+ Kf6 57. Nf4 c4+ 58. bxc4 dxc4+ 59. Kxc4 Kg5
60. Nd3 Kxg4 61. Nxb4 h5 62. Nd3 h4 63. Nf2+ Kg3 64. Ne4+ Kf4 65. Nf2 Kg3
1/2-1/2

[Event "Oberliga Ost A"]
[Site "?"]
[Date "2022.04.30"]
[Round "2.2"]
[White "Schulte, Felix"]
[Black "Matthey, Harald"]
[Result "0-1"]
[WhiteElo "2176"]
[BlackElo "2098"]
[PlyCount "110"]
[EventDate "2021.10.10"]
[EventType "team-tourn"]
[EventCountry "GER"]
[WhiteTeam "Halle USV"]
[BlackTeam "Dessau SK"]
[WhiteTeamCountry "GER"]
[BlackTeamCountry "GER"]

1. d4 e6 2. c4 f5 3. g3 Nf6 4. Bg2 d5 5. Nh3 Bb4+ 6. Nd2 O-O 7. O-O a5 8. Nf3
Ne4 9. Ne5 Be7 10. Qc2 c6 11. Rd1 Nd7 12. Be3 Bf6 13. f3 Nd6 14. c5 Bxe5 15.
dxe5 Nc4 16. Bd4 Ncxe5 17. Qc3 Ng6 18. Bxg7 Rf7 19. Bh6 Qf6 20. Qxf6 Rxf6 21.
Rac1 a4 22. e4 Ra5 23. Be3 Rf8 24. exd5 exd5 25. f4 Re8 26. Bd4 Ngf8 27. Ng5 h6
28. Nf3 Ne6 29. Re1 Kf7 30. Bc3 Rxc5 31. Rcd1 Rb5 32. Nh4 d4 33. Bxd4 Nxd4 34.
Rxe8 Kxe8 35. Rxd4 Nb6 36. Rd2 Be6 37. Bf1 Rc5 38. Re2 Kf7 39. b3 axb3 40. axb3
Rc3 41. Ra2 Rxb3 42. Ra7 Nc8 43. Ra8 Kf6 44. Bh3 Rb5 45. Kf2 Nd6 46. Nf3 Ne4+
47. Ke2 Rb2+ 48. Kd1 c5 49. Rh8 Bb3+ 50. Ke1 Rb1+ 51. Ke2 Bd1+ 52. Kd3 Nf2+ 53.
Kc4 Nxh3 54. Rxh6+ Kg7 55. Rxh3 Rc1+ 0-1

[Event "Oberliga Ost A"]
[Site "?"]
[Date "2022.04.30"]
[Round "2.3"]
[White "Schubert, Ralf"]
[Black "Reipsch, Jens"]
[Result "1/2-1/2"]
[WhiteElo "2109"]
[BlackElo "2242"]
[PlyCount "113"]
[EventDate "2021.10.10"]
[EventType "team-tourn"]
[EventCountry "GER"]
[WhiteTeam "Dessau SK"]
[BlackTeam "Halle USV"]
[WhiteTeamCountry "GER"]
[BlackTeamCountry "GER"]

1. d4 Nf6 2. c4 c5 3. d5 b5 4. cxb5 a6 5. Nc3 axb5 6. e4 b4 7. Nb5 d6 8. Bf4 g5
9. Bxg5 Nxe4 10. Bf4 Nf6 11. Bc4 Bg7 12. Qe2 Kf8 13. a4 bxa3 14. Rxa3 Rxa3 15.
bxa3 Bb7 16. Nf3 Nxd5 17. Bd2 Nd7 18. O-O Rg8 19. Ng5 N7f6 20. Rb1 Ba8 21. Nc3
Bh6 22. Nxh7+ Kg7 23. Nxf6 Nxf6 24. Bxh6+ Kxh6 25. f3 e6 26. Bd3 Nh5 27. Qe3+
Qg5 28. Qxg5+ Kxg5 29. Ne2 Nf4 30. h4+ Kxh4 31. Nxf4 Bxf3 32. Kf2 Ba8 33. Bf1
Kg5 34. g3 Be4 35. Rc1 Kf5 36. Bd3 Bxd3 37. Nxd3 Ke4 38. Nf4 Ra8 39. Rc3 Ra5
40. Ne2 e5 41. Rf3 c4 42. Rxf7 Rxa3 43. g4 d5 44. Ng3+ Kd4 45. g5 e4 46. Ne2+
Ke5 47. g6 Ra8 48. g7 Rg8 49. Ke3 c3 50. Nd4 c2 51. Nxc2 Ke6 52. Ra7 Kf6 53.
Nb4 Rxg7 54. Nxd5+ Kg6 55. Nf4+ Kh7 56. Rxg7+ Kxg7 57. Kxe4 1/2-1/2

[Event "Oberliga Ost A"]
[Site "?"]
[Date "2022.04.30"]
[Round "2.4"]
[White "Sukaylo, Aleksey"]
[Black "Erler, Rainer"]
[Result "1/2-1/2"]
[WhiteElo "2107"]
[BlackElo "2100"]
[PlyCount "86"]
[EventDate "2021.10.10"]
[EventType "team-tourn"]
[EventCountry "GER"]
[WhiteTeam "Halle USV"]
[BlackTeam "Dessau SK"]
[WhiteTeamCountry "GER"]
[BlackTeamCountry "GER"]

1. e4 e5 2. Nf3 Nc6 3. Bc4 Nf6 4. d3 Be7 5. O-O O-O 6. Re1 d6 7. c3 Na5 8. Bb5
a6 9. Ba4 b5 10. Bc2 c5 11. Nbd2 Re8 12. Nf1 h6 13. Bd2 Bf8 14. a4 Rb8 15. axb5
axb5 16. c4 b4 17. Ba4 Re7 18. Ne3 Ra7 19. Qc2 Rba8 20. b3 Ng4 21. Qb2 Nxe3 22.
fxe3 f5 23. exf5 Bxf5 24. e4 Bg4 25. Rf1 Rf7 26. Be3 Be7 27. Qa2 Ra7 28. Qf2
Bxf3 29. gxf3 Bg5 30. Kh1 Bxe3 31. Qxe3 Rf4 32. Rg1 Qf6 33. Raf1 Rf7 34. Be8
Rf8 35. Rg6 Qe7 36. Ba4 Kh7 37. Rfg1 Rxf3 38. Qe2 R8f7 39. Qg2 R3f6 40. Be8
Rxg6 41. Qxg6+ Kg8 42. Bxf7+ Qxf7 43. Qxd6 Qf3+ 1/2-1/2

[Event "Oberliga Ost A"]
[Site "?"]
[Date "2022.04.30"]
[Round "2.5"]
[White "Ozeran, Volodymyr"]
[Black "Luther, Juergen"]
[Result "1/2-1/2"]
[WhiteElo "2081"]
[BlackElo "2115"]
[PlyCount "30"]
[EventDate "2021.10.10"]
[EventType "team-tourn"]
[EventCountry "GER"]
[WhiteTeam "Dessau SK"]
[BlackTeam "Halle USV"]
[WhiteTeamCountry "GER"]
[BlackTeamCountry "GER"]

1. d4 e6 2. Nf3 Nf6 3. g3 d5 4. Bg2 Be7 5. O-O O-O 6. c4 c6 7. Nc3 Nbd7 8. Qd3
dxc4 9. Qxc4 Nb6 10. Qb3 Nbd5 11. Ne5 Qb6 12. Qc4 Bd7 13. Ne4 Rad8 14. Nc5 Qc7
15. Bg5 Bc8 1/2-1/2

[Event "Oberliga Ost A"]
[Site "?"]
[Date "2022.04.30"]
[Round "2.7"]
[White "Weder, Axel"]
[Black "Perekhozhuk, Maksym"]
[Result "1/2-1/2"]
[WhiteElo "2042"]
[BlackElo "1978"]
[PlyCount "82"]
[EventDate "2021.10.10"]
[EventType "team-tourn"]
[EventCountry "GER"]
[WhiteTeam "Dessau SK"]
[BlackTeam "Halle USV"]
[WhiteTeamCountry "GER"]
[BlackTeamCountry "GER"]

1. c4 c5 2. Nc3 Nf6 3. g3 d5 4. cxd5 Nxd5 5. Bg2 Nc7 6. Nf3 Nc6 7. d3 e5 8. O-O
Be7 9. Be3 O-O 10. h4 Bd7 11. Rc1 Rc8 12. Ng5 b6 13. Qd2 Nd4 14. f4 Nf5 15. Bf2
exf4 16. Qxf4 Bd6 17. Qf3 Nh6 18. e4 f6 19. Nh3 Bg4 20. Qe3 Be5 21. Nf4 Qd6 22.
Rc2 Bd7 23. Bf3 Ne6 24. Ncd5 Nd4 25. Rd2 g5 26. Nh5 Nxf3+ 27. Qxf3 Bg4 28. Qh1
Bxh5 29. hxg5 Ng4 30. Qxh5 Nxf2 31. g6 Qd7 32. Kxf2 Qg7 33. Rh1 hxg6 34. Ne7+
Kf7 35. Qh7 Rh8 36. Qxg7+ Kxg7 37. Rxh8 Rxh8 38. Kg2 Kf7 39. Nd5 Rh5 40. Kf3
Rh1 41. Kg2 Rh5 1/2-1/2

[Event "Oberliga Ost A"]
[Site "?"]
[Date "2022.04.30"]
[Round "2.1"]
[White "Zwahr, Paul"]
[Black "Paul, Johannes"]
[Result "0-1"]
[WhiteElo "2290"]
[BlackElo "2278"]
[PlyCount "158"]
[EventDate "2021.10.10"]
[EventType "team-tourn"]
[EventCountry "GER"]
[WhiteTeam "Dresden SG Gruen Weiss"]
[BlackTeam "Magdeburg SG Aufbau Elbe II"]
[WhiteTeamCountry "GER"]
[BlackTeamCountry "GER"]

1. e4 c5 2. Nf3 Nc6 3. d4 cxd4 4. Nxd4 Nf6 5. Nc3 e5 6. Ndb5 d6 7. Nd5 Nxd5 8.
exd5 Ne7 9. c4 Ng6 10. Qa4 Bd7 11. Qb4 Bf5 12. h4 h5 13. Bg5 Qb8 14. g3 a6 15.
Nc3 Qc7 16. Be2 Be7 17. Be3 Nf8 18. Na4 Nd7 19. Rc1 Rc8 20. O-O g6 21. Rfd1 O-O
22. Qd2 e4 23. c5 Ne5 24. Bd4 Nd3 25. Bxd3 exd3 26. Qh6 f6 27. c6 bxc6 28. dxc6
Rb8 29. Re1 Bd8 30. b3 Rb4 31. Qe3 Rf7 32. Qf4 Kh7 33. Re8 Re7 34. Rxe7+ Qxe7
35. Nc3 Qe6 36. Qe3 Bc7 37. Nd5 Qxd5 38. Qe7+ Kg8 39. Bc3 d2 40. Rd1 Re4 41.
Qxc7 Re8 42. Bxd2 Bh3 43. Qg7+ Kxg7 44. Bh6+ Kxh6 45. Rxd5 Re1+ 46. Kh2 Bf5 47.
f3 Re2+ 48. Kg1 Rxa2 49. Rxd6 Kg7 50. c7 Rc2 51. Rxa6 Rxc7 52. Kf2 Rb7 53. Ra4
Rxb3 54. g4 Be6 55. Ra7+ Kf8 56. Ra6 Ke7 57. gxh5 gxh5 58. Ra5 Bf7 59. Kg3 Kf8
60. Kf4 Kg7 61. Rc5 Kg6 62. Ra5 Bc4 63. Ra1 Bd5 64. Rg1+ Kf7 65. Rf1 Rd3 66.
Rf2 Rd4+ 67. Kg3 Kg6 68. Rf1 Kf5 69. Rf2 Rd3 70. Rf1 Rxf3+ 71. Rxf3+ Bxf3 72.
Kxf3 Ke5 73. Ke3 f5 74. Kf3 f4 75. Ke2 Ke4 76. Kf2 f3 77. Kf1 Kf4 78. Kg1 Kg3
79. Kh1 Kxh4 0-1

[Event "Oberliga Ost A"]
[Site "?"]
[Date "2022.04.30"]
[Round "2.2"]
[White "Wagner, Benjamin"]
[Black "Dahl, Christoph"]
[Result "0-1"]
[WhiteElo "2036"]
[BlackElo "2368"]
[PlyCount "60"]
[EventDate "2021.10.10"]
[EventType "team-tourn"]
[EventCountry "GER"]
[WhiteTeam "Magdeburg SG Aufbau Elbe II"]
[BlackTeam "Dresden SG Gruen Weiss"]
[WhiteTeamCountry "GER"]
[BlackTeamCountry "GER"]

1. e4 c5 2. Nf3 d6 3. d4 cxd4 4. Nxd4 Nf6 5. Nc3 a6 6. Be3 e6 7. Be2 Qc7 8. f4
Nc6 9. Qd2 Be7 10. g4 Nxd4 11. Bxd4 e5 12. Be3 exf4 13. Bxf4 Qc6 14. O-O-O O-O
15. g5 Nxe4 16. Nd5 Re8 17. Qd4 Bxg5 18. Bxg5 Nxg5 19. Bd3 Nf3 20. Qf4 Ne5 21.
Rhg1 Ng6 22. Bxg6 hxg6 23. h4 Bf5 24. Rd2 Bxc2 25. Nf6+ gxf6 26. Rxc2 Qe4 27.
Qd2 Rac8 28. Rc3 Rxc3+ 29. bxc3 Qxh4 30. Qd5 Re1+ 0-1

[Event "Oberliga Ost A"]
[Site "?"]
[Date "2022.04.30"]
[Round "2.3"]
[White "Genkin, Michael"]
[Black "Koenig, Marco"]
[Result "1-0"]
[WhiteElo "2271"]
[BlackElo "2143"]
[PlyCount "111"]
[EventDate "2021.10.10"]
[EventType "team-tourn"]
[EventCountry "GER"]
[WhiteTeam "Dresden SG Gruen Weiss"]
[BlackTeam "Magdeburg SG Aufbau Elbe II"]
[WhiteTeamCountry "GER"]
[BlackTeamCountry "GER"]

1. d4 d5 2. c4 e6 3. Nc3 Nf6 4. Bg5 Nbd7 5. cxd5 exd5 6. e3 c6 7. Bd3 Be7 8.
Nge2 O-O 9. O-O Re8 10. Rb1 Nf8 11. b4 Ne6 12. Bh4 a6 13. a4 g6 14. b5 axb5 15.
axb5 Ng7 16. bxc6 bxc6 17. Na4 Bf5 18. Bxf5 Nxf5 19. Bxf6 Bxf6 20. Nc5 Nd6 21.
Nb7 Qc7 22. Nxd6 Qxd6 23. Nf4 Reb8 24. Nd3 Rxb1 25. Qxb1 Rb8 26. Qc2 Rb6 27.
Ra1 Qb8 28. g3 Kg7 29. Kg2 h5 30. h4 Qb7 31. Qe2 Qe7 32. Qf3 Qc7 33. Rc1 Qe7
34. Nf4 Qd7 35. Rc3 Qe7 36. Nd3 Qd6 37. Nc5 Rb4 38. Ra3 Qe7 39. Qf4 Rb6 40. Ra8
g5 41. Qf5 Rb2 42. Nd7 Qe4+ 43. Qxe4 dxe4 44. Nxf6 Kxf6 45. Re8 gxh4 46. gxh4
Rb5 47. Rxe4 Kf5 48. Re7 f6 49. Rc7 Rb6 50. Kf3 Ke6 51. Ke4 Kd6 52. Rh7 Rb5 53.
f4 Ke6 54. f5+ Rxf5 55. Re7+ Kxe7 56. Kxf5 1-0

[Event "Oberliga Ost A"]
[Site "?"]
[Date "2022.04.30"]
[Round "2.5"]
[White "Gehmlich, Marcel"]
[Black "Noack, Marcel"]
[Result "1-0"]
[WhiteElo "2188"]
[BlackElo "2031"]
[PlyCount "99"]
[EventDate "2021.10.10"]
[EventType "team-tourn"]
[EventCountry "GER"]
[WhiteTeam "Dresden SG Gruen Weiss"]
[BlackTeam "Magdeburg SG Aufbau Elbe II"]
[WhiteTeamCountry "GER"]
[BlackTeamCountry "GER"]

1. Nf3 d6 2. d4 g6 3. g3 Bg7 4. Bg2 Nf6 5. O-O O-O 6. c4 Nbd7 7. Nc3 c5 8. b3
Rb8 9. Bb2 a6 10. Rc1 b5 11. cxb5 axb5 12. dxc5 dxc5 13. Nd5 e6 14. Nxf6+ Bxf6
15. Qc2 Bxb2 16. Qxb2 c4 17. Rfd1 Qc7 18. Qd4 Nb6 19. bxc4 bxc4 20. Ne5 Ba6 21.
Ng4 e5 22. Qxe5 Qxe5 23. Nxe5 Rbe8 24. Rd6 Rxe5 25. Rxb6 Ra5 26. Rc2 Rd8 27.
Bb7 Bb5 28. a4 Bxa4 29. Rxc4 Rb5 30. Rxb5 Bxb5 31. Rc2 Rd7 32. Bf3 Kg7 33. Rc5
Ba6 34. e3 h5 35. h4 Rd2 36. Bd5 Be2 37. Kg2 Bg4 38. e4 Rd3 39. Rc7 Bf3+ 40.
Kh2 Kg8 41. Rxf7 Kh8 42. Rf4 Rc3 43. Be6 Kg7 44. Bh3 Rd3 45. Bg2 Bg4 46. e5 Rd2
47. Be4 Re2 48. Kg2 Bc8 49. Kf3 Bg4+ 50. Rxg4 1-0

[Event "Oberliga Ost A"]
[Site "?"]
[Date "2022.04.30"]
[Round "2.7"]
[White "Zimmermann, Rene"]
[Black "Heyne, Jan Hendrik"]
[Result "1-0"]
[WhiteElo "2199"]
[BlackElo "1847"]
[PlyCount "119"]
[EventDate "2021.10.10"]
[EventType "team-tourn"]
[EventCountry "GER"]
[WhiteTeam "Dresden SG Gruen Weiss"]
[BlackTeam "Magdeburg SG Aufbau Elbe II"]
[WhiteTeamCountry "GER"]
[BlackTeamCountry "GER"]

1. d4 Nf6 2. c4 e6 3. Nc3 d5 4. Bg5 Be7 5. Qc2 Nbd7 6. cxd5 exd5 7. e3 c6 8.
Bd3 Nf8 9. Nge2 Bg4 10. O-O Bh5 11. f3 Ne6 12. Bh4 Bg6 13. Rad1 O-O 14. Bf2 Re8
15. Ng3 Bxd3 16. Qxd3 g6 17. a3 a5 18. Qd2 Bf8 19. h3 Bh6 20. Qc2 Qc7 21. e4
dxe4 22. fxe4 Rac8 23. Qb3 Bg7 24. e5 Nd5 25. Nge4 Qe7 26. Nd6 Nef4 27. Nxd5
Nxd5 28. Nxe8 Rxe8 29. Qf3 Bh6 30. Kh1 Rf8 31. Rde1 Qe6 32. Bh4 Bg7 33. Bf6 Re8
34. Bxg7 Kxg7 35. Qg3 Re7 36. Re2 Qd7 37. Ref2 Kg8 38. Qg5 Kg7 39. Rf6 Kg8 40.
Qh6 Nc7 41. R6f4 Ne6 42. Rh4 Nf8 43. Qc1 Qd5 44. Rf3 Ne6 45. Qh6 Nf8 46. Rc3 b6
47. Qf4 Re6 48. Qf1 Qd7 49. Rf4 Qb7 50. Rf6 Rxf6 51. exf6 Ne6 52. Qc4 c5 53.
dxc5 bxc5 54. Rb3 Qc7 55. Qd5 Qf4 56. Qa8+ Nf8 57. Qf3 Qe5 58. Re3 Qxb2 59. Re8
Qb5 60. Rd8 1-0

[Event "Oberliga Ost A"]
[Site "?"]
[Date "2022.04.30"]
[Round "2.8"]
[White "Willberg, Frank"]
[Black "Hutsch, Oliver"]
[Result "0-1"]
[WhiteElo "1893"]
[BlackElo "2142"]
[PlyCount "98"]
[EventDate "2021.10.10"]
[EventType "team-tourn"]
[EventCountry "GER"]
[WhiteTeam "Magdeburg SG Aufbau Elbe II"]
[BlackTeam "Dresden SG Gruen Weiss"]
[WhiteTeamCountry "GER"]
[BlackTeamCountry "GER"]

1. Nf3 Nf6 2. g3 d5 3. c4 c6 4. b3 Bf5 5. Bg2 e6 6. O-O Nbd7 7. Bb2 Qb6 8. Nc3
dxc4 9. Na4 Qa6 10. bxc4 Be7 11. d3 Rd8 12. Qb3 O-O 13. Bd4 b5 14. cxb5 cxb5
15. Nc3 b4 16. Na4 Qa5 17. Rfc1 e5 18. Bb2 Be6 19. Qd1 h6 20. Nd2 Rc8 21. a3
Rxc1 22. Bxc1 b3 23. Nb2 Qc3 24. Nb1 Qc7 25. Nd2 Rb8 26. Nbc4 Nc5 27. Bb2 e4
28. d4 Na4 29. Rc1 Nxb2 30. Nxb2 Qd8 31. Nxe4 Bxa3 32. Qd2 Bb4 33. Qd1 Ba3 34.
Qd2 Nxe4 35. Bxe4 Rc8 36. e3 Rxc1+ 37. Qxc1 f5 38. Bd3 a5 39. Bc4 Qc8 40. d5
Bxb2 41. Qxb2 Qxc4 42. dxe6 Qxe6 43. Qd4 Kh7 44. f3 a4 45. g4 a3 46. Qc3 b2 47.
Qc2 Qxe3+ 48. Kg2 Qe5 49. gxf5 b1=Q 0-1

[Event "Oberliga Ost A"]
[Site "?"]
[Date "2022.04.30"]
[Round "2.1"]
[White "Bures, Jaroslav"]
[Black "Stolz, Mike"]
[Result "1-0"]
[WhiteElo "2438"]
[BlackElo "2339"]
[PlyCount "69"]
[EventDate "2021.10.10"]
[EventType "team-tourn"]
[EventCountry "GER"]
[WhiteTeam "Hoyerswerda FVS ASP"]
[BlackTeam "Magdeburg SV Rochade"]
[WhiteTeamCountry "GER"]
[BlackTeamCountry "GER"]

1. e4 e6 2. d4 d5 3. Nc3 Bb4 4. e5 Ne7 5. Bd2 Nf5 6. Bd3 b6 7. Qf3 c6 8. Nge2
Qd7 9. h4 Ba6 10. Bxf5 Bxe2 11. Qg3 Na6 12. Qxg7 O-O-O 13. Bxh7 Bh5 14. g4 Bxc3
15. bxc3 f5 16. Qxd7+ Kxd7 17. Bxf5 exf5 18. gxh5 Rxh5 19. Rg1 Re8 20. Rg7+ Re7
21. Rxe7+ Kxe7 22. Bg5+ Kf7 23. e6+ Kxe6 24. Kd2 Rh7 25. Re1+ Kd7 26. Re5 Rf7
27. h5 Nc7 28. h6 Ne6 29. f4 Nf8 30. c4 Ng6 31. cxd5 Nxe5 32. fxe5 cxd5 33. Bf6
f4 34. Bg7 f3 35. Ke1 1-0

[Event "Oberliga Ost A"]
[Site "?"]
[Date "2022.04.30"]
[Round "2.2"]
[White "Niering, Martin"]
[Black "Orsag, Milan"]
[Result "1/2-1/2"]
[WhiteElo "2166"]
[BlackElo "2312"]
[PlyCount "125"]
[EventDate "2021.10.10"]
[EventType "team-tourn"]
[EventCountry "GER"]
[WhiteTeam "Magdeburg SV Rochade"]
[BlackTeam "Hoyerswerda FVS ASP"]
[WhiteTeamCountry "GER"]
[BlackTeamCountry "GER"]

1. e4 c5 2. Nf3 e6 3. d4 cxd4 4. Nxd4 Nc6 5. Nc3 a6 6. Bf4 d6 7. Bg3 Be7 8. Qd2
Nxd4 9. Qxd4 Nf6 10. O-O-O e5 11. Qd2 O-O 12. Bh4 Be6 13. Bxf6 Bxf6 14. Kb1 Qa5
15. Nd5 Qxd2 16. Rxd2 Bg5 17. Rd1 Rac8 18. h4 Bd8 19. g3 Rc5 20. Ne3 Rc6 21.
Bg2 Re8 22. Rhe1 Bb6 23. f4 Bxe3 24. Rxe3 f6 25. f5 Bf7 26. g4 h6 27. Rg3 Kf8
28. g5 hxg5 29. hxg5 Ke7 30. Rh1 fxg5 31. Rxg5 Kf6 32. Rg3 Rc7 33. Bf3 Rd7 34.
Rh7 Rg8 35. c3 d5 36. exd5 Bxd5 37. Bxd5 Rxd5 38. Rh5 g5 39. fxg6 Rxg6 40. Rf3+
Ke6 41. Rf2 Rd1+ 42. Kc2 Rdg1 43. Rh7 Rg7 44. Rh6+ R1g6 45. Rxg6+ Rxg6 46. Kd3
b5 47. Ke4 Rg4+ 48. Ke3 Ra4 49. b3 Rh4 50. Rc2 Kd5 51. Rd2+ Kc5 52. Rc2 a5 53.
Rf2 Rh3+ 54. Rf3 Rh2 55. Rf2 Rh1 56. Rc2 a4 57. c4 axb3 58. axb3 b4 59. Rb2 Rc1
60. Ke4 Re1+ 61. Kd3 Rc1 62. Ke4 Re1+ 63. Kd3 1/2-1/2

[Event "Oberliga Ost A"]
[Site "?"]
[Date "2022.04.30"]
[Round "2.3"]
[White "Hovsepyan, Vardan"]
[Black "Kahe, Ralph"]
[Result "1-0"]
[WhiteElo "2240"]
[BlackElo "2170"]
[PlyCount "103"]
[EventDate "2021.10.10"]
[EventType "team-tourn"]
[EventCountry "GER"]
[WhiteTeam "Hoyerswerda FVS ASP"]
[BlackTeam "Magdeburg SV Rochade"]
[WhiteTeamCountry "GER"]
[BlackTeamCountry "GER"]

1. e4 g6 2. d4 Bg7 3. Nc3 a6 4. f4 d5 5. e5 Nh6 6. a4 Nc6 7. Be2 f6 8. Bf3 e6
9. Nge2 Nf5 10. g3 fxe5 11. fxe5 Bh6 12. Bxh6 Nxh6 13. Qd2 Nf7 14. h4 Ne7 15.
Nd1 c5 16. c3 cxd4 17. cxd4 Nc6 18. O-O Qb6 19. Kh1 Qb4 20. Ndc3 O-O 21. Bg2
Bd7 22. Qe3 Rae8 23. h5 Kg7 24. Rf6 Ne7 25. g4 Ng8 26. hxg6 hxg6 27. Raf1 Nxf6
28. exf6+ Kg8 29. Nf4 Nh8 30. Nd3 Qd6 31. Ne5 Rf7 32. Kg1 Ref8 33. Qg5 Rh7 34.
Ne2 Be8 35. Nf4 Qb6 36. Nxe6 Qxe6 37. Nxg6 Bxg6 38. Bxd5 Qxd5 39. Qxd5+ Rhf7
40. Re1 Rc8 41. Re7 b5 42. axb5 axb5 43. g5 Kf8 44. Qd7 Ra8 45. d5 Kg8 46. Qe6
Bd3 47. d6 Bc4 48. Re8+ Rxe8 49. Qxe8+ Rf8 50. d7 Nf7 51. g6 Nd8 52. g7 1-0

[Event "Oberliga Ost A"]
[Site "?"]
[Date "2022.04.30"]
[Round "2.4"]
[White "Schulze, Nick"]
[Black "Boehm, Robert"]
[Result "1/2-1/2"]
[WhiteElo "1953"]
[BlackElo "2145"]
[PlyCount "60"]
[EventDate "2021.10.10"]
[EventType "team-tourn"]
[EventCountry "GER"]
[WhiteTeam "Magdeburg SV Rochade"]
[BlackTeam "Hoyerswerda FVS ASP"]
[WhiteTeamCountry "GER"]
[BlackTeamCountry "GER"]

1. e4 c5 2. Nf3 Nc6 3. d4 cxd4 4. Nxd4 Nf6 5. Nc3 d6 6. Be2 e5 7. Nb3 Be7 8.
O-O O-O 9. Kh1 Be6 10. f4 exf4 11. Bxf4 d5 12. e5 Ne4 13. Nxe4 dxe4 14. c3 Qxd1
15. Raxd1 Rfe8 16. Bb5 a6 17. Bxc6 bxc6 18. Nd4 Bxa2 19. Nxc6 Bc4 20. Rfe1 Bd3
21. Nxe7+ Rxe7 22. Ra1 Rb7 23. b4 Rc8 24. Rec1 Kf8 25. Be3 Ke7 26. Bd4 Ke6 27.
Kg1 Rc6 28. Kf2 Kd5 29. Ra5+ Rb5 30. Rca1 Rxa5 1/2-1/2

[Event "Oberliga Ost A"]
[Site "?"]
[Date "2022.04.30"]
[Round "2.5"]
[White "Grohmann, Alexander"]
[Black "Waechter, Nathalie"]
[Result "1/2-1/2"]
[WhiteElo "1961"]
[BlackElo "1999"]
[PlyCount "38"]
[EventDate "2021.10.10"]
[EventType "team-tourn"]
[EventCountry "GER"]
[WhiteTeam "Hoyerswerda FVS ASP"]
[BlackTeam "Magdeburg SV Rochade"]
[WhiteTeamCountry "GER"]
[BlackTeamCountry "GER"]

1. b3 d5 2. Bb2 c5 3. Nf3 Nc6 4. e3 a6 5. d4 e6 6. Bd3 Nf6 7. Nbd2 Qb6 8. c4
cxd4 9. Nxd4 Ne5 10. Qe2 dxc4 11. Bxc4 Bb4 12. O-O Bxd2 13. Qxd2 Nxc4 14. bxc4
O-O 15. Rfc1 Rd8 16. Qc2 Qc5 17. a4 b6 18. Ba3 Qh5 19. c5 bxc5 1/2-1/2